Alfonso XII, voy en busca de Mercedes / (Record no. 98495)

MARC details
000 -LEADER
campo de control de longitud fija 00674nam a2200217 i 4500
001 - NÚMERO DE CONTROL
campo de control 98495
003 - IDENTIFICADOR DE NÚMERO DE CONTROL
campo de control ES-MaACL
005 - FECHA Y HORA DE LA ÚLTIMA TRANSACCIÓN
campo de control 20260301183522.0
007 - CAMPO FIJO DE DESCRIPCIÓN FÍSICA--INFORMACIÓN GENERAL
campo de control de longitud fija t|
008 - DATOS DE LONGITUD FIJA--INFORMACIÓN GENERAL
campo de control de longitud fija 050923s1959 sp |||| |bspa d
080 ## - NÚMERO DE LA CLASIFICACIÓN DECIMAL UNIVERSAL
Número de la Clasificación Decimal Universal 929 Alfonso (460) XII
100 1# - ENTRADA PRINCIPAL--NOMBRE DE PERSONA
Nombre de persona Tavera Baz, José María.
9 (RLIN) 109420
245 10 - MENCIÓN DEL TÍTULO
Título Alfonso XII, voy en busca de Mercedes /
Mención de responsabilidad, etc. José María Tavera.
260 ## - PUBLICACIÓN, DISTRIBUCIÓN, ETC.
Lugar de publicación, distribución, etc. Barcelona :
Nombre del editor, distribuidor, etc. Cedro,
Fecha de publicación, distribución, etc. [1959]
300 ## - DESCRIPCIÓN FÍSICA
Extensión 157 p. ;
Dimensiones 18 cm.
490 1# - MENCIÓN DE SERIE
Mención de serie El personaje y su historia ;
Designación de volumen o secuencia 5
600 04 - PUNTO DE ACCESO ADICIONAL DE MATERIA--NOMBRE DE PERSONA
Nombre de persona Alfonso
Numeración XII,
Títulos y otros términos asociados al nombre Rey de España
9 (RLIN) 19874
830 0# - PUNTO DE ACCESO ADICIONAL DE SERIE-TÍTULO UNIFORME
Título uniforme El personaje y su historia ;
Designación de volumen o secuencia 5
9 (RLIN) 184409
852 ## - LOCALIZACIÓN
Ubicación ES-MaACL
Número de control de estantería E-5142
Holdings
Estatus retirado Estado de pérdida Estado de daño No para préstamo Biblioteca de origen Biblioteca actual Ubicación en estantería Fecha de adquisición Fuente de adquisición Total de préstamos Signatura topográfica completa Código de barras Visto por última vez Precio de reemplazo Tipo de ítem Koha
        Biblioteca del Ateneo de Madrid Biblioteca del Ateneo de Madrid Depósito 2 17/01/2008     E-5142 1102829 23/02/2023 23/02/2023 Libro impreso